000 01387nam a2200301 4500
005 20240530111001.0
008 230215s2019 ua a g 000 0 ara d
017 _a2019/4387
_bمصر. دار الكتب
020 _a9789778547313
040 _aEG-CaGPL
_cEG-CaGPL
082 0 4 _221
_a379.9531
_bم ر
100 0 _aمحمد بن احمد الرشيد
245 1 0 _aرؤية مستقبلية للتربية والتعليم فى المملكى العربية السعودية /
_cمحمد بن احمد الرشيد ؛ جمعها وصنفها واشرف على مراجعتها محمد ابو بكر حميد
250 _aط.1
260 _aالقاهرة :
_bالدار العربية اللبنانية،
_c2019.
300 _a224 ص. :
_bايض ؛
_c24 سم.
490 0 _aالاعمال الكاملة
650 0 7 _2qrmak
_aالتعليم
_yالسعودية
650 0 7 _2qrmak
_aالتعليم
_xاغراضة واهدافة
_zالسعودية
650 0 7 _2qrmak
_aالتخطيط التربوى
_zالسعودية
650 0 7 _2qrmak
_aالتعليم
_xالبحوث التربوية
_zالسعودية
650 0 7 _2qrmak
_aالتعليم
_xبرامج
650 0 7 _2qrmak
_aالتعليم
_xبرامج
_zالسعودية
651 _2qrmak
700 0 _aمحمد ابو بكر حميد
_eمصنف ومشرف ومراجع
942 _2ddc
_cBK
999 _c67180
_d67180